[Event "XLIV Memoriał Szachowy Ludwika Zamenhofa 2025, Grupa A"]
[Site "Białystok, Poland"]
[Date "2025.12.30"]
[Round "8.14"]
[White "Rozycki, Bartlomiej"]
[Black "Borowik, Wojciech"]
[Result "1-0"]
[TimeControl "90'+30\""]
[WhiteElo "2197"]
[BlackElo "2204"]

1. d4 {[%clk 01:30:58]} {[%emt 00:00:01]} Nf6 {[%clk 01:26:25]} {[%emt
00:04:27]} 2. c4 {[%clk 01:31:27]} {[%emt 00:00:09]} e6 {[%clk 01:26:34]}
{[%emt 00:00:11]} 3. Nc3 {[%clk 01:31:56]} {[%emt 00:00:12]} Bb4 {[%clk
01:26:51]} {[%emt 00:00:12]} 4. Bd2 {[%clk 01:32:21]} {[%emt 00:00:05]} O-O
{[%clk 01:24:00]} {[%emt 00:03:21]} 5. e3 {[%clk 01:32:17]} {[%emt 00:00:35]}
d5 {[%clk 01:20:08]} {[%emt 00:04:21]} 6. Nf3 {[%clk 01:32:41]} {[%emt
00:00:06]} Nbd7 {[%clk 01:17:16]} {[%emt 00:03:22]} 7. Bd3 {[%clk 01:24:32]}
{[%emt 00:08:40]} c5 {[%clk 01:14:40]} {[%emt 00:03:06]} 8. O-O {[%clk
01:15:13]} {[%emt 00:09:49]} cxd4 {[%clk 01:11:50]} {[%emt 00:03:20]} 9. Nxd4
{[%clk 01:15:07]} {[%emt 00:00:35]} Ne5 {[%clk 01:10:46]} {[%emt 00:01:36]} 10.
Qe2 {[%clk 01:14:42]} {[%emt 00:00:54]} Nxd3 {[%clk 01:04:22]} {[%emt
00:06:52]} 11. Qxd3 {[%clk 01:15:05]} {[%emt 00:00:08]} e5 {[%clk 01:03:33]}
{[%emt 00:01:19]} 12. Nb3 {[%clk 01:13:32]} {[%emt 00:02:04]} dxc4 {[%clk
01:00:11]} {[%emt 00:03:52]} 13. Qxc4 {[%clk 01:13:52]} {[%emt 00:00:10]} a5
{[%clk 00:57:32]} {[%emt 00:03:09]} 14. Rfd1 {[%clk 01:12:57]} {[%emt
00:01:23]} Qe7 {[%clk 00:51:18]} {[%emt 00:06:45]} 15. Ne4 {[%clk 01:02:13]}
{[%emt 00:11:14]} Nxe4 {[%clk 00:47:34]} {[%emt 00:04:14]} 16. Qxe4 {[%clk
01:02:38]} {[%emt 00:00:06]} f6 {[%clk 00:45:28]} {[%emt 00:02:35]} 17. Bxb4
{[%clk 00:53:33]} {[%emt 00:09:36]} axb4 {[%clk 00:45:15]} {[%emt 00:00:43]} 18.
Nd4 {[%clk 00:52:41]} {[%emt 00:01:22]} Rd8 {[%clk 00:26:02]} {[%emt 00:19:41]}
19. h3 {[%clk 00:51:49]} {[%emt 00:01:23]} g6 {[%clk 00:16:54]} {[%emt
00:09:37]} 20. Nb5 {[%clk 00:49:45]} {[%emt 00:02:35]} Be6 {[%clk 00:16:55]}
{[%emt 00:00:29]} 21. a3 {[%clk 00:42:46]} {[%emt 00:07:29]} bxa3 {[%clk
00:11:47]} {[%emt 00:05:38]} 22. bxa3 {[%clk 00:41:30]} {[%emt 00:01:46]} Rd7
{[%clk 00:09:12]} {[%emt 00:03:05]} 23. Rxd7 {[%clk 00:34:27]} {[%emt
00:07:33]} Qxd7 {[%clk 00:09:34]} {[%emt 00:00:07]} 24. Qb4 {[%clk 00:34:15]}
{[%emt 00:00:43]} Rc8 {[%clk 00:06:09]} {[%emt 00:03:54]} 25. Nd6 {[%clk
00:30:51]} {[%emt 00:03:55]} Rd8 {[%clk 00:05:52]} {[%emt 00:00:46]} 26. Ne4
{[%clk 00:27:39]} {[%emt 00:03:42]} Qf7 {[%clk 00:06:00]} {[%emt 00:00:22]} 27.
Qb6 {[%clk 00:25:18]} {[%emt 00:02:53]} Qe7 {[%clk 00:03:38]} {[%emt 00:02:52]}
28. Rb1 {[%clk 00:23:20]} {[%emt 00:02:27]} Kg7 {[%clk 00:01:13]} {[%emt
00:02:55]} 29. Qxb7 {[%clk 00:17:00]} {[%emt 00:06:50]} Rd7 {[%clk 00:01:29]}
{[%emt 00:00:14]} 30. Qb4 {[%clk 00:14:59]} {[%emt 00:02:31]} Bf5 {[%clk
00:00:38]} {[%emt 00:01:21]} 31. Nc5 {[%clk 00:11:56]} {[%emt 00:03:33]} Bxb1
{[%clk 00:00:36]} {[%emt 00:00:32]} 32. Nxd7 {[%clk 00:12:23]} {[%emt
00:00:03]} Qxb4 {[%clk 00:00:38]} {[%emt 00:00:29]} 33. axb4 {[%clk 00:12:44]}
{[%emt 00:00:08]} Bd3 {[%clk 00:00:59]} {[%emt 00:00:09]} 34. Nc5 {[%clk
00:13:08]} {[%emt 00:00:07]} Be2 {[%clk 00:00:39]} {[%emt 00:00:49]} 35. f4
{[%clk 00:12:57]} {[%emt 00:00:41]} exf4 {[%clk 00:00:43]} {[%emt 00:00:27]} 36.
exf4 {[%clk 00:13:24]} {[%emt 00:00:03]} Kf7 {[%clk 00:00:40]} {[%emt
00:00:32]} 37. Kf2 {[%clk 00:13:48]} {[%emt 00:00:06]} Bb5 {[%clk 00:00:43]}
{[%emt 00:00:27]} 38. g4 {[%clk 00:13:25]} {[%emt 00:00:53]} h6 {[%clk
00:00:45]} {[%emt 00:00:27]} 39. h4 {[%clk 00:13:10]} {[%emt 00:00:46]} Ke7
{[%clk 00:00:37]} {[%emt 00:00:38]} 40. Ke3 {[%clk 00:12:22]} {[%emt 00:01:18]}
Kd6 {[%clk 00:00:39]} {[%emt 00:00:28]} 41. Kd4 {[%clk 00:10:47]} {[%emt
00:02:05]} Be2 {[%clk 00:00:40]} {[%emt 00:00:29]} 42. Ne4+ {[%clk 00:10:43]}
{[%emt 00:00:35]} Ke7 {[%clk 00:00:37]} {[%emt 00:00:32]} 43. f5 {[%clk
00:09:11]} {[%emt 00:02:02]} gxf5 {[%clk 00:00:34]} {[%emt 00:00:34]} 44. gxf5
{[%emt 00:00:25]} Bg4 {[%clk 00:00:42]} 45. Ng3 {[%clk 00:09:52]} {[%emt
00:00:14]} Kd6 {[%clk 00:00:35]} {[%emt 00:00:37]} 46. Ke3 {[%clk 00:09:19]}
{[%emt 00:01:04]} Ke5 {[%clk 00:00:34]} {[%emt 00:00:31]} 47. b5 {[%clk
00:09:42]} {[%emt 00:00:06]} Bh3 {[%clk 00:00:42]} {[%emt 00:00:21]} 48. Kf3
{[%clk 00:09:07]} {[%emt 00:01:06]} Kd5 {[%clk 00:00:49]} {[%emt 00:00:23]} 49.
Kf4 {[%clk 00:09:30]} {[%emt 00:00:07]} Kc5 {[%clk 00:00:37]} {[%emt 00:00:43]}
50. Nh5 {[%clk 00:09:52]} {[%emt 00:00:08]} Kxb5 {[%clk 00:01:00]} {[%emt
00:00:06]} 51. Nxf6 {[%clk 00:10:16]} {[%emt 00:00:06]} Kc6 {[%clk 00:00:58]}
{[%emt 00:00:33]} 52. Ng4 {[%clk 00:10:01]} {[%emt 00:00:45]} Kd6 {[%clk
00:00:50]} {[%emt 00:00:38]} 53. Ne3 {[%clk 00:09:26]} {[%emt 00:01:05]} Ke7
{[%clk 00:00:33]} {[%emt 00:00:46]} 54. Ke4 {[%clk 00:09:49]} {[%emt 00:00:39]}
1-0

[Event "XLIV Memoriał Szachowy Ludwika Zamenhofa 2025, Grupa A"]
[Site "Białystok, Poland"]
[Date "2025.12.30"]
[Round "8.15"]
[White "Haladaj, Adam"]
[Black "Butkiewicz, Jan"]
[Result "1/2-1/2"]
[TimeControl "90'+30\""]
[WhiteElo "2062"]
[BlackElo "2199"]

1. e4 {[%clk 01:30:59]} {[%emt 00:00:01]} c5 {[%clk 01:30:49]} {[%emt
00:00:12]} 2. Nf3 {[%clk 01:30:49]} {[%emt 00:00:39]} g6 {[%clk 01:31:12]}
{[%emt 00:00:07]} 3. d4 {[%clk 01:31:14]} {[%emt 00:00:04]} cxd4 {[%clk
01:31:39]} {[%emt 00:00:04]} 4. Nxd4 {[%clk 01:31:40]} {[%emt 00:00:05]} Nc6
{[%clk 01:32:02]} {[%emt 00:00:06]} 5. Nc3 {[%clk 01:32:00]} {[%emt 00:00:10]}
Bg7 {[%clk 01:32:22]} {[%emt 00:00:10]} 6. Be3 {[%clk 01:32:26]} {[%emt
00:00:04]} Nf6 {[%clk 01:32:42]} {[%emt 00:00:09]} 7. Nb3 {[%clk 01:32:41]}
{[%emt 00:00:16]} O-O {[%clk 01:29:16]} {[%emt 00:03:55]} 8. Qd2 {[%clk
01:33:02]} {[%emt 00:00:10]} a5 {[%clk 01:28:27]} {[%emt 00:01:18]} 9. a4
{[%clk 01:33:27]} {[%emt 00:00:05]} d6 {[%clk 01:28:34]} {[%emt 00:00:23]} 10.
f3 {[%clk 01:33:45]} {[%emt 00:00:12]} Be6 {[%clk 01:22:58]} {[%emt 00:06:07]}
11. O-O-O {[%clk 01:32:01]} {[%emt 00:02:11]} Nb4 {[%clk 01:19:13]} {[%emt
00:04:18]} 12. Nd4 {[%clk 01:27:38]} {[%emt 00:04:53]} Rc8 {[%clk 01:15:30]}
{[%emt 00:04:13]} 13. Kb1 {[%clk 01:25:37]} {[%emt 00:02:31]} Bc4 {[%clk
00:55:36]} {[%emt 00:20:25]} 14. Ndb5 {[%clk 01:01:30]} {[%emt 00:24:36]} Bxf1
{[%clk 00:52:44]} {[%emt 00:03:21]} 15. Rhxf1 {[%clk 01:01:58]} {[%emt
00:00:02]} Nd7 {[%clk 00:51:25]} {[%emt 00:01:50]} 16. Bh6 {[%clk 00:52:03]}
{[%emt 00:10:25]} 1/2-1/2

[Event "XLIV Memoriał Szachowy Ludwika Zamenhofa 2025, Grupa A"]
[Site "Białystok, Poland"]
[Date "2025.12.30"]
[Round "8.16"]
[White "Kondys, Piotr"]
[Black "Korszanski, Stanislaw"]
[Result "1-0"]
[TimeControl "90'+30\""]
[WhiteElo "2136"]
[BlackElo "2187"]

1. e4 {[%clk 01:29:54]} {[%emt 00:01:05]} e5 {[%clk 01:30:56]} {[%emt
00:00:04]} 2. Nf3 {[%clk 01:30:17]} {[%emt 00:00:07]} Nc6 {[%clk 01:31:24]}
{[%emt 00:00:03]} 3. Bb5 {[%clk 01:30:38]} {[%emt 00:00:09]} a6 {[%clk
01:31:43]} {[%emt 00:00:11]} 4. Ba4 {[%clk 01:31:02]} {[%emt 00:00:05]} d6
{[%clk 01:32:05]} {[%emt 00:00:08]} 5. O-O {[%clk 01:31:19]} {[%emt 00:00:12]}
g6 {[%clk 01:31:28]} {[%emt 00:01:08]} 6. c3 {[%clk 01:31:23]} {[%emt
00:00:26]} Nge7 {[%clk 01:31:02]} {[%emt 00:00:57]} 7. d4 {[%clk 01:30:15]}
{[%emt 00:01:37]} b5 {[%clk 01:31:21]} {[%emt 00:00:11]} 8. Bb3 {[%clk
01:28:30]} {[%emt 00:02:15]} exd4 {[%clk 01:29:48]} {[%emt 00:02:04]} 9. Ng5
{[%clk 01:24:19]} {[%emt 00:04:40]} Ne5 {[%clk 01:19:58]} {[%emt 00:10:21]} 10.
cxd4 {[%clk 01:23:25]} {[%emt 00:01:23]} Nc4 {[%clk 01:20:24]} {[%emt
00:00:05]} 11. Bxc4 {[%clk 01:23:41]} {[%emt 00:00:13]} bxc4 {[%clk 01:20:51]}
{[%emt 00:00:04]} 12. Qa4+ {[%clk 01:24:05]} {[%emt 00:00:05]} Bd7 {[%clk
01:21:15]} {[%emt 00:00:07]} 13. Qxc4 {[%clk 01:23:39]} {[%emt 00:00:55]} d5
{[%clk 01:21:40]} {[%emt 00:00:06]} 14. Qc2 {[%clk 01:05:25]} {[%emt 00:18:43]}
Bg7 {[%clk 01:19:30]} {[%emt 00:02:39]} 15. exd5 {[%clk 01:03:37]} {[%emt
00:02:18]} O-O {[%clk 01:18:06]} {[%emt 00:01:55]} 16. Nc3 {[%clk 00:58:24]}
{[%emt 00:05:44]} Bxd4 {[%clk 01:16:32]} {[%emt 00:02:04]} 17. Rd1 {[%clk
00:58:51]} {[%emt 00:00:01]} Bg7 {[%clk 01:15:31]} {[%emt 00:01:31]} 18. Bf4
{[%clk 00:57:00]} {[%emt 00:02:21]} Rb8 {[%clk 01:11:07]} {[%emt 00:04:56]} 19.
Qd2 {[%clk 00:53:38]} {[%emt 00:03:51]} Nc8 {[%clk 01:02:39]} {[%emt 00:08:59]}
20. Nge4 {[%clk 00:44:22]} {[%emt 00:09:45]} Bf5 {[%clk 00:47:30]} {[%emt
00:15:40]} 21. Ng3 {[%clk 00:42:02]} {[%emt 00:02:49]} Bd7 {[%clk 00:47:00]}
{[%emt 00:01:01]} 22. Rac1 {[%clk 00:40:16]} {[%emt 00:02:15]} Nd6 {[%clk
00:47:00]} {[%emt 00:00:30]} 23. b3 {[%clk 00:40:32]} {[%emt 00:00:13]} Re8
{[%clk 00:42:13]} {[%emt 00:05:16]} 24. f3 {[%clk 00:40:01]} {[%emt 00:01:03]}
Rb6 {[%clk 00:29:18]} {[%emt 00:13:26]} 25. Nce4 {[%clk 00:34:33]} {[%emt
00:05:56]} Qb8 {[%clk 00:28:14]} {[%emt 00:01:34]} 26. Qc2 {[%clk 00:25:57]}
{[%emt 00:09:06]} Rc8 {[%clk 00:27:33]} {[%emt 00:01:12]} 27. Be3 {[%clk
00:20:25]} {[%emt 00:06:01]} Rb4 {[%clk 00:26:32]} {[%emt 00:01:33]} 28. Nc5
{[%clk 00:19:26]} {[%emt 00:01:28]} Qb6 {[%clk 00:26:00]} {[%emt 00:01:02]} 29.
Qf2 {[%clk 00:17:01]} {[%emt 00:02:54]} Be8 {[%clk 00:26:11]} {[%emt 00:00:19]}
30. Ne6 {[%clk 00:13:11]} {[%emt 00:04:21]} Qb8 {[%clk 00:26:18]} {[%emt
00:00:23]} 31. Nxg7 {[%clk 00:13:10]} {[%emt 00:00:32]} Kxg7 {[%clk 00:26:46]}
{[%emt 00:00:01]} 32. Qb2+ {[%clk 00:11:59]} {[%emt 00:01:40]} 1-0

[Event "XLIV Memoriał Szachowy Ludwika Zamenhofa 2025, Grupa A"]
[Site "Białystok, Poland"]
[Date "2025.12.30"]
[Round "8.17"]
[White "Przybylski, Jan"]
[Black "Ejsymont, Eryk"]
[Result "1/2-1/2"]
[TimeControl "90'+30\""]
[WhiteElo "2152"]
[BlackElo "2022"]

1. e4 {[%clk 01:30:58]} {[%emt 00:00:02]} c6 {[%clk 01:30:57]} {[%emt
00:00:04]} 2. c4 {[%clk 01:31:10]} {[%emt 00:00:17]} d5 {[%clk 01:31:22]}
{[%emt 00:00:05]} 3. cxd5 {[%clk 01:31:33]} {[%emt 00:00:07]} cxd5 {[%clk
01:31:50]} {[%emt 00:00:02]} 4. exd5 {[%clk 01:31:50]} {[%emt 00:00:12]} Nf6
{[%clk 01:32:15]} {[%emt 00:00:06]} 5. Bb5+ {[%clk 01:31:25]} {[%emt 00:00:55]}
Nbd7 {[%clk 01:32:40]} {[%emt 00:00:05]} 6. Nc3 {[%clk 01:31:25]} {[%emt
00:00:30]} g6 {[%clk 01:32:52]} {[%emt 00:00:18]} 7. d6 {[%clk 01:27:31]}
{[%emt 00:04:23]} exd6 {[%clk 01:22:39]} {[%emt 00:10:43]} 8. Nf3 {[%clk
01:25:12]} {[%emt 00:02:50]} Bg7 {[%clk 01:15:40]} {[%emt 00:07:27]} 9. Qe2+
{[%clk 01:23:22]} {[%emt 00:02:21]} Qe7 {[%clk 01:15:03]} {[%emt 00:01:07]} 10.
Qxe7+ {[%clk 01:21:35]} {[%emt 00:02:17]} Kxe7 {[%clk 01:14:46]} {[%emt
00:00:48]} 11. O-O {[%clk 01:21:02]} {[%emt 00:01:03]} Nb6 {[%clk 01:08:37]}
{[%emt 00:06:38]} 12. d4 {[%clk 01:17:27]} {[%emt 00:04:05]} Be6 {[%clk
01:04:10]} {[%emt 00:04:57]} 13. Re1 {[%clk 01:13:44]} {[%emt 00:04:13]} h6
{[%clk 01:02:35]} {[%emt 00:02:06]} 14. Bf4 {[%clk 01:09:35]} {[%emt 00:04:38]}
Nbd5 {[%clk 01:00:12]} {[%emt 00:02:53]} 15. Bg3 {[%clk 01:04:51]} {[%emt
00:05:14]} Rac8 {[%clk 00:53:29]} {[%emt 00:07:14]} 16. Rac1 {[%clk 01:01:10]}
{[%emt 00:04:10]} a6 {[%clk 00:42:58]} {[%emt 00:11:01]} 17. Ba4 {[%clk
00:53:39]} {[%emt 00:08:01]} b5 {[%clk 00:36:28]} {[%emt 00:07:00]} 18. Bb3
{[%clk 00:50:08]} {[%emt 00:04:01]} Kd7 {[%clk 00:36:00]} {[%emt 00:00:58]} 19.
Red1 {[%clk 00:40:27]} {[%emt 00:10:11]} Nxc3 {[%clk 00:28:34]} {[%emt
00:07:57]} 20. bxc3 {[%clk 00:40:25]} {[%emt 00:00:32]} Ne4 {[%clk 00:27:26]}
{[%emt 00:01:38]} 21. Rd3 {[%clk 00:26:40]} {[%emt 00:14:14]} Bc4 {[%clk
00:15:27]} {[%emt 00:12:29]} 22. Re3 {[%clk 00:22:43]} {[%emt 00:04:27]} f5
{[%clk 00:15:30]} {[%emt 00:00:26]} 23. Bc2 {[%clk 00:11:53]} {[%emt 00:16:29]}
1/2-1/2

[Event "XLIV Memoriał Szachowy Ludwika Zamenhofa 2025, Grupa A"]
[Site "Białystok, Poland"]
[Date "2025.12.30"]
[Round "8.18"]
[White "Karut, Kacper"]
[Black "Obolonin, Filipp"]
[Result "1-0"]
[TimeControl "90'+30\""]
[WhiteElo "2148"]
[BlackElo "2103"]

1. e4 {[%clk 01:30:59]} c5 {[%emt 00:02:32]} 2. Nf3 {[%clk 01:31:22]} {[%emt
00:00:02]} a6 {[%clk 01:29:00]} {[%emt 00:00:04]} 3. c4 {[%clk 01:31:37]}
{[%emt 00:00:14]} Nc6 {[%clk 01:29:24]} {[%emt 00:00:06]} 4. d4 {[%clk
01:31:57]} {[%emt 00:00:11]} cxd4 {[%clk 01:29:49]} {[%emt 00:00:05]} 5. Nxd4
{[%clk 01:32:20]} {[%emt 00:00:06]} d6 {[%clk 01:30:14]} {[%emt 00:00:06]} 6.
Nc3 {[%clk 01:32:18]} {[%emt 00:00:32]} Nf6 {[%clk 01:30:00]} {[%emt 00:00:43]}
7. Be2 {[%clk 01:32:02]} {[%emt 00:00:46]} g6 {[%clk 01:30:07]} {[%emt
00:00:23]} 8. Be3 {[%clk 01:31:56]} {[%emt 00:00:37]} Bg7 {[%clk 01:30:30]}
{[%emt 00:00:07]} 9. O-O {[%clk 01:31:20]} {[%emt 00:01:06]} O-O {[%clk
01:30:52]} {[%emt 00:00:08]} 10. Rc1 {[%clk 01:18:19]} {[%emt 00:13:31]} Bd7
{[%clk 01:30:13]} {[%emt 00:01:08]} 11. Qd2 {[%clk 01:17:07]} {[%emt 00:01:43]}
Rc8 {[%clk 01:29:16]} {[%emt 00:01:26]} 12. f3 {[%clk 01:16:53]} {[%emt
00:00:44]} Nxd4 {[%clk 01:27:53]} {[%emt 00:01:53]} 13. Bxd4 {[%clk 01:16:59]}
{[%emt 00:00:24]} Be6 {[%clk 01:21:24]} {[%emt 00:07:00]} 14. b3 {[%clk
01:08:21]} {[%emt 00:09:08]} Ne8 {[%clk 01:18:35]} {[%emt 00:03:19]} 15. Na4
{[%clk 00:53:05]} {[%emt 00:15:45]} Rc6 {[%clk 01:12:03]} {[%emt 00:07:02]} 16.
f4 {[%clk 00:45:18]} {[%emt 00:08:17]} Bxd4+ {[%clk 01:10:11]} {[%emt
00:02:22]} 17. Qxd4 {[%clk 00:44:58]} {[%emt 00:00:50]} Ng7 {[%clk 01:10:15]}
{[%emt 00:00:27]} 18. g4 {[%clk 00:30:47]} {[%emt 00:14:41]} Bd7 {[%clk
01:10:22]} {[%emt 00:00:23]} 19. f5 {[%clk 00:28:25]} {[%emt 00:02:51]} e5
{[%clk 01:04:20]} {[%emt 00:06:32]} 20. Qe3 {[%clk 00:27:25]} {[%emt 00:01:30]}
Qh4 {[%clk 00:57:20]} {[%emt 00:07:30]} 21. Nb6 {[%clk 00:25:25]} {[%emt
00:02:30]} Qd8 {[%clk 00:55:33]} {[%emt 00:02:18]} 22. Nd5 {[%clk 00:25:08]}
{[%emt 00:00:46]} Ne8 {[%clk 00:52:11]} {[%emt 00:03:52]} 23. Qh6 {[%clk
00:22:13]} {[%emt 00:03:25]} Rc5 {[%clk 00:49:01]} {[%emt 00:03:40]} 24. Rc3
{[%clk 00:20:53]} {[%emt 00:01:50]} Rxd5 {[%clk 00:42:16]} {[%emt 00:07:15]} 25.
Rh3 {[%clk 00:20:50]} {[%emt 00:00:33]} Nf6 {[%clk 00:41:25]} {[%emt 00:01:22]}
26. g5 {[%clk 00:19:24]} {[%emt 00:01:55]} 1-0

[Event "XLIV Memoriał Szachowy Ludwika Zamenhofa 2025, Grupa A"]
[Site "Białystok, Poland"]
[Date "2025.12.30"]
[Round "8.19"]
[White "Flak, Pawel"]
[Black "Kaczmarek, Arkadiusz"]
[Result "0-1"]
[TimeControl "90'+30\""]
[WhiteElo "2113"]
[BlackElo "2062"]

1. d4 {[%clk 01:30:59]} {[%emt 00:00:04]} d5 {[%clk 01:30:37]} {[%emt
00:00:23]} 2. Nf3 {[%clk 01:31:27]} {[%emt 00:00:03]} Nf6 {[%clk 01:30:40]}
{[%emt 00:00:26]} 3. c4 {[%clk 01:31:54]} {[%emt 00:00:04]} c6 {[%clk
01:30:03]} {[%emt 00:01:07]} 4. Nc3 {[%clk 01:32:22]} {[%emt 00:00:02]} dxc4
{[%clk 01:28:58]} {[%emt 00:01:35]} 5. e4 {[%clk 01:32:50]} {[%emt 00:00:02]}
b5 {[%clk 01:28:32]} {[%emt 00:00:56]} 6. Be2 {[%clk 01:31:43]} {[%emt
00:01:38]} b4 {[%clk 01:16:25]} {[%emt 00:12:37]} 7. Na4 {[%clk 01:26:46]}
{[%emt 00:05:28]} Nxe4 {[%clk 01:16:18]} {[%emt 00:00:36]} 8. Bxc4 {[%clk
01:27:01]} {[%emt 00:00:15]} Nd6 {[%clk 01:15:18]} {[%emt 00:01:30]} 9. Be2
{[%clk 01:23:20]} {[%emt 00:04:11]} Be6 {[%clk 01:14:22]} {[%emt 00:01:26]} 10.
Bd2 {[%clk 01:11:01]} {[%emt 00:12:49]} a5 {[%clk 01:13:55]} {[%emt 00:00:56]}
11. Nc5 {[%clk 01:09:37]} {[%emt 00:01:54]} Bd5 {[%clk 01:13:53]} {[%emt
00:00:32]} 12. O-O {[%clk 01:06:01]} {[%emt 00:04:08]} Nd7 {[%clk 01:05:09]}
{[%emt 00:09:13]} 13. a3 {[%clk 01:06:08]} {[%emt 00:00:23]} bxa3 {[%clk
00:57:18]} {[%emt 00:08:21]} 14. Rxa3 {[%clk 01:04:00]} {[%emt 00:02:39]} Nxc5
{[%clk 00:57:29]} {[%emt 00:00:18]} 15. dxc5 {[%clk 01:04:28]} {[%emt
00:00:02]} Ne4 {[%clk 00:55:26]} {[%emt 00:02:33]} 16. Be3 {[%clk 00:55:43]}
{[%emt 00:09:15]} e6 {[%clk 00:53:33]} {[%emt 00:02:22]} 17. Qc2 {[%clk
00:55:58]} {[%emt 00:00:16]} Be7 {[%clk 00:52:38]} {[%emt 00:01:25]} 18. Bd3
{[%clk 00:54:12]} {[%emt 00:02:16]} f5 {[%clk 00:41:50]} {[%emt 00:11:17]} 19.
Nd2 {[%clk 00:52:04]} {[%emt 00:02:39]} Nxd2 {[%clk 00:34:25]} {[%emt
00:07:54]} 20. Bxd2 {[%clk 00:52:10]} {[%emt 00:00:25]} a4 {[%clk 00:34:40]}
{[%emt 00:00:14]} 21. Rfa1 {[%clk 00:50:00]} {[%emt 00:02:41]} Bb3 {[%clk
00:33:34]} {[%emt 00:01:36]} 22. Qxb3 {[%clk 00:49:55]} {[%emt 00:00:36]} axb3
{[%clk 00:30:11]} {[%emt 00:03:52]} 23. Rxa8 {[%clk 00:50:23]} {[%emt
00:00:02]} Kf7 {[%clk 00:29:22]} {[%emt 00:01:18]} 24. Rxd8 {[%clk 00:49:36]}
{[%emt 00:01:18]} Rg8 {[%emt 00:00:03]} 25. Re8 Rxe8 {[%clk 00:29:48]} 26. Bxf5
{[%clk 00:42:20]} {[%emt 00:07:47]} Rd8 {[%clk 00:29:08]} 27. Be4 {[%clk
00:42:45]} Rxd2 {[%clk 00:28:34]} 28. Bxc6 {[%clk 00:41:57]} Bxc5 {[%clk
00:24:33]} 29. Kh1 {[%clk 00:40:29]} Rxf2 {[%clk 00:24:45]} 30. Re1 Rxb2 31.
Rf1+ {[%clk 00:39:27]} Ke7 {[%clk 00:24:28]} {[%emt 00:00:47]} 32. Be4 {[%clk
00:39:51]} {[%emt 00:00:06]} h6 {[%clk 00:23:02]} {[%emt 00:01:55]} 33. g3
{[%clk 00:39:42]} {[%emt 00:00:40]} Re2 {[%clk 00:21:34]} {[%emt 00:01:58]} 34.
Bd3 {[%clk 00:37:44]} {[%emt 00:02:27]} Rd2 {[%clk 00:16:51]} {[%emt 00:05:13]}
35. Bg6 {[%clk 00:33:48]} {[%emt 00:04:27]} Bd4 {[%clk 00:17:03]} {[%emt
00:00:18]} 36. Bb1 {[%clk 00:33:19]} {[%emt 00:00:59]} Kd6 {[%clk 00:17:08]}
{[%emt 00:00:24]} 37. h4 {[%clk 00:33:21]} {[%emt 00:00:28]} Kc5 {[%clk
00:15:14]} {[%emt 00:02:25]} 38. g4 {[%clk 00:33:19]} {[%emt 00:00:32]} Kb4
{[%clk 00:15:25]} {[%emt 00:00:19]} 39. g5 {[%clk 00:33:24]} {[%emt 00:00:25]}
hxg5 {[%clk 00:15:12]} {[%emt 00:00:44]} 40. hxg5 {[%clk 00:33:52]} Rc2 {[%clk
00:14:07]} {[%emt 00:01:35]} 41. Rd1 {[%clk 00:32:08]} {[%emt 00:02:14]} Kc3
{[%emt 00:00:32]} 42. g6 {[%clk 00:32:20]} {[%emt 00:00:17]} Bf6 {[%clk
00:11:49]} {[%emt 00:02:46]} 43. Kg1 {[%clk 00:32:10]} {[%emt 00:00:40]} Kb2
{[%clk 00:11:54]} {[%emt 00:00:25]} 44. Kf1 {[%clk 00:32:13]} {[%emt 00:00:28]}
Rc1 {[%clk 00:12:05]} {[%emt 00:00:18]} 0-1